000 00628nam a22002297a 4500
003 UA-OsUOA
001 20609
007 ta
008 20031101b un ||||| |||| 00| 0 ukr d
090 _a911.375 (470+571)
_bН72
942 _cBK
040 _aUA-OsUOA
_brus
_cUA-OsUOA
_dUA-OsUOA
245 _aНовгород-Псков
_bПутеводитель для туристов
_cМ.И.Корнилова
300 _a208 с.
_bІлюстрації
955 _a0
041 _arus
080 _a911.375 (470+571)
260 _aМосква
_bПрофиздат
_c1973
044 _aRU
650 7 _2UDC
999 _c306789
_d306789